Fathpur-sikri and its architecture / (Record no. 76450)
[ view plain ]
| 000 -LEADER | |
|---|---|
| fixed length control field | 00982nam a22002892a 4500 |
| 001 - CONTROL NUMBER | |
| control field | 76450 |
| 003 - CONTROL NUMBER IDENTIFIER | |
| rucl marc code | BD-RjUL |
| 005 - DATE AND TIME OF LATEST TRANSACTION | |
| control field | 20211209082838.0 |
| 008 - FIXED-LENGTH DATA ELEMENTS--GENERAL INFORMATION | |
| fixed length control field | 191205s2019 bg a b 000 0 eng d |
| 020 ## - INTERNATIONAL STANDARD BOOK NUMBER | |
| International Standard Book Number | 9789843471864 |
| Terms of availability | : Tk. 2000.00 |
| 035 ## - SYSTEM CONTROL NUMBER | |
| System control number | (BD-RjUL)76671 |
| 040 ## - CATALOGING SOURCE | |
| Original cataloging agency | DLC |
| Transcribing agency | DLC |
| Modifying agency | EQO |
| -- | BD-RjUL |
| Language of cataloging | eng |
| 041 ## - LANGUAGE CODE | |
| Language code of text/sound track or separate title | eng |
| 043 ## - GEOGRAPHIC AREA CODE | |
| Geographic area code | a-bg--- |
| 082 ## - DEWEY DECIMAL CLASSIFICATION NUMBER | |
| Classification number | 720.954 |
| Edition number | 23 |
| Author mark and year | HUF 2019 |
| 100 1# - MAIN ENTRY--PERSONAL NAME | |
| Personal name | Husain, A. B. M., |
| Dates associated with a name | 1934- |
| 9 (RLIN) | 236069 |
| 245 10 - TITLE STATEMENT | |
| Title | Fathpur-sikri and its architecture / |
| Statement of responsibility, etc. | A. B. M. Husain |
| 250 ## - EDITION STATEMENT | |
| Edition statement | 2nd ed. , New ed. |
| 260 ## - PUBLICATION, DISTRIBUTION, ETC. (IMPRINT) | |
| Place of publication, distribution, etc. | Dhaka: : |
| Name of publisher, distributor, etc. | Center for Archaeology & Heritage Research, |
| Date of publication, distribution, etc. | 2019 |
| 300 ## - PHYSICAL DESCRIPTION | |
| Pagination | [12], 144 p. ; |
| Illustrations | ill. ; |
| Size | 28 cm |
| 500 ## - GENERAL NOTE | |
| General note | ""First Publication in Pakistan by Bureau of National Reconstruction, Dacca, 1970" |
| 504 ## - BIBLIOGRAPHY, ETC. NOTE | |
| Bibliography, etc | Bibliography: p. 121-126 |
| 650 #0 - SUBJECT ADDED ENTRY--TOPICAL TERM | |
| Topical term or geographic name as entry element | Architecture, Mogul Empire |
| Geographic subdivision | India |
| -- | Fatehpur Sikri. |
| 9 (RLIN) | 236070 |
| Topical term or geographic name as entry element | Architecture |
| Geographic subdivision | India |
| -- | Fatehpur Sikri |
| 9 (RLIN) | 236071 |
| 942 ## - ADDED ENTRY ELEMENTS (KOHA) | |
| Source of classification or shelving scheme | Dewey Decimal Classification |
| Koha item type | Books |
| Lost status | Source of classification or shelving scheme | Damaged status | Not for loan | Collection code | Permanent Location | Current Location | Shelving location | Date acquired | Source of acquisition | Cost, normal purchase price | Total Checkouts | Full call number | Date last seen | Copy number | Koha item type |
|---|---|---|---|---|---|---|---|---|---|---|---|---|---|---|---|
| Dewey Decimal Classification | Non-fiction | Central Library, University of Rajshahi | Central Library, University of Rajshahi | 04/12/2019 | Rajshahi, Biddasagor | 2000.00 | 720.954 HUF 2019 | 05/12/2019 | C-1 | Books | |||||
| Dewey Decimal Classification | Non-fiction | Central Library, University of Rajshahi | Central Library, University of Rajshahi | 04/12/2019 | Rajshahi, Biddasagor | 2000.00 | 720.954 HUF 2019 | 05/12/2019 | C-2 | Books | |||||
| Dewey Decimal Classification | Non-fiction | Central Library, University of Rajshahi | Central Library, University of Rajshahi | 04/12/2019 | Rajshahi, Biddasagor | 2000.00 | 720.954 HUF 2019 | 05/12/2019 | C-3 | Books | |||||
| Dewey Decimal Classification | Non-fiction | Central Library, University of Rajshahi | Central Library, University of Rajshahi | 04/12/2019 | Rajshahi, Biddasagor | 2000.00 | 720.954 HUF 2019 | 05/12/2019 | C-4 | Books | |||||
| Dewey Decimal Classification | Non-fiction | Central Library, University of Rajshahi | Central Library, University of Rajshahi | 04/12/2019 | Rajshahi, Biddasagor | 2000.00 | 720.954 HUF 2019 | 05/12/2019 | C-5 | Books | |||||
| Dewey Decimal Classification | Non-fiction | Central Library, University of Rajshahi | Central Library, University of Rajshahi | 21/01/1975 | Nawrose kitabistan | 30.00 | 720.954 HUF 1970 | 13/01/2020 | C-6 | Books | |||||
| Dewey Decimal Classification | Non-fiction | Central Library, University of Rajshahi | Central Library, University of Rajshahi | 21/01/1975 | Nawrose kitabistan | 30.00 | 720.954 HUF 1970 | 13/01/2020 | C-7 | Books |